002380000a2200073000450024500910000004100140009110000290010577300300013410aAnálisis de la convención CITES a la luz del convenio sobre diversidad biológica0 aEspañol1 aHernández, Ana María1 tBiosintesish3q1-4d1998